<?xml version="1.0" encoding="UTF-8"?>
<record
    xmlns:xsi="http://www.w3.org/2001/XMLSchema-instance"
    xsi:schemaLocation="http://www.loc.gov/MARC21/slim http://www.loc.gov/standards/marcxml/schema/MARC21slim.xsd"
    xmlns="http://www.loc.gov/MARC21/slim">

  <leader>03215cam a2200373 a 4500</leader>
  <datafield tag="952" ind1=" " ind2=" ">
    <subfield code="0">0</subfield>
    <subfield code="1">0</subfield>
    <subfield code="2">ddc</subfield>
    <subfield code="4">0</subfield>
    <subfield code="7">0</subfield>
    <subfield code="8">MATHEMATICS</subfield>
    <subfield code="a">MES</subfield>
    <subfield code="b">MES</subfield>
    <subfield code="c">MAT</subfield>
    <subfield code="d">2019-02-20</subfield>
    <subfield code="g">1400.00</subfield>
    <subfield code="l">0</subfield>
    <subfield code="o">510.935 RUD/B</subfield>
    <subfield code="p">34582</subfield>
    <subfield code="r">2019-02-20 00:00:00</subfield>
    <subfield code="w">2019-02-20</subfield>
    <subfield code="y">BK</subfield>
    <subfield code="z">GL22R2</subfield>
  </datafield>
  <datafield tag="999" ind1=" " ind2=" ">
    <subfield code="c">32245</subfield>
    <subfield code="d">32245</subfield>
  </datafield>
  <controlfield tag="001">15932057</controlfield>
  <controlfield tag="003">OSt</controlfield>
  <controlfield tag="005">20200319110628.0</controlfield>
  <controlfield tag="008">091005s2010    nyua     b    001 0 eng  </controlfield>
  <datafield tag="010" ind1=" " ind2=" ">
    <subfield code="a">  2009039196</subfield>
  </datafield>
  <datafield tag="020" ind1=" " ind2=" ">
    <subfield code="a">9781591027737 (cloth : alk. paper)</subfield>
  </datafield>
  <datafield tag="020" ind1=" " ind2=" ">
    <subfield code="a">159102773X (cloth : alk. paper)</subfield>
  </datafield>
  <datafield tag="035" ind1=" " ind2=" ">
    <subfield code="a">(OCoLC)ocn318873024</subfield>
  </datafield>
  <datafield tag="040" ind1=" " ind2=" ">
    <subfield code="a">DLC</subfield>
    <subfield code="c">oclc</subfield>
    <subfield code="d">BTCTA</subfield>
    <subfield code="d">LMR</subfield>
    <subfield code="d">C#P</subfield>
    <subfield code="d">YDXCP</subfield>
    <subfield code="d">BWX</subfield>
    <subfield code="d">CDX</subfield>
    <subfield code="d">ABG</subfield>
    <subfield code="d">MOF</subfield>
    <subfield code="d">DLC</subfield>
  </datafield>
  <datafield tag="043" ind1=" " ind2=" ">
    <subfield code="a">a-iq---</subfield>
    <subfield code="a">f-ua---</subfield>
  </datafield>
  <datafield tag="050" ind1="0" ind2="0">
    <subfield code="a">QA22</subfield>
    <subfield code="b">.R859 2010</subfield>
  </datafield>
  <datafield tag="082" ind1="0" ind2="0">
    <subfield code="a">510.935</subfield>
    <subfield code="2">22</subfield>
    <subfield code="b">RUD/B</subfield>
  </datafield>
  <datafield tag="100" ind1=" " ind2=" ">
    <subfield code="a">Rudman, Peter Strom</subfield>
    <subfield code="9">2072</subfield>
  </datafield>
  <datafield tag="245" ind1="1" ind2="4">
    <subfield code="a">The Babylonian theorem :</subfield>
    <subfield code="b">the mathematical journey to Pythagoras and Euclid /</subfield>
    <subfield code="c">Peter S. Rudman.</subfield>
  </datafield>
  <datafield tag="260" ind1=" " ind2=" ">
    <subfield code="a">Amherst, N.Y. :</subfield>
    <subfield code="b">Prometheus Books,</subfield>
    <subfield code="c">2010.</subfield>
  </datafield>
  <datafield tag="300" ind1=" " ind2=" ">
    <subfield code="a">248 p. :</subfield>
    <subfield code="b">ill. ;</subfield>
    <subfield code="c">24 cm.</subfield>
  </datafield>
  <datafield tag="500" ind1=" " ind2=" ">
    <subfield code="a">Sequel to: How mathematics happened, the first 50,000 years. 2007.</subfield>
  </datafield>
  <datafield tag="504" ind1=" " ind2=" ">
    <subfield code="a">Includes bibliographical references (p. 233-243) and index.</subfield>
  </datafield>
  <datafield tag="505" ind1="0" ind2=" ">
    <subfield code="a">Number system basics -- Egyptian numbers and arithmetic -- Babylonian numbers and arithmetic -- Old Babylonian "quadratic algebra" problem texts. YBC 6967 ; AO 8862 ; Db&#x2082; 146 ; VAT 8512 -- Pythagorean triples. OB problem text BM 85196 #9 ; Berlin Papyrus 6610 #1 ; Proto-Plimpton 322 ; Plimpton 322 -- Square root calculations. Egyptian calculation ; OB problem text YBC 7289 ; OB squaring-the-rectangle (Heron's method) ; OB cut-and-paste square root (Newton's method) ; Pythagoras calculates square roots ; Archimedes calculates square roots ; Ptolemy calculates square roots --PI [mathematical symbol for Pi]. RMP problems 48 and 50 ; OB problem text YBC 7302 ; A scribe from Susa calculates [Pi] (ca. 2000 BCE) ; Archimedes calculates [Pi] (ca. 200 BCE) ; Kepler calculates the area of a circle (ca. 1600) ; Everybody calculates the area of a circle (ca. 2000) -- Similar triangles (Proportionality). RMP problem 53 ; OB problem text MLC 1950 ; OB problem text IM 55357 -- Sequences and series. Arithmetic sequences and series ; OB problem text YBC 4608 #5 ; TMP problem 64 ; RMP problem 40 ; Geometric sequences and series ; OB problem text IM 55357-- revisited -- Old Babylonian algebra : simultaneous linear equations. A modern elementary algebra problem ; OB problem test VAT 8389 -- Pyramid volume. How they knew V (pyramid) / V (prism) = 1/3 ; Euclid proves V (pyramid) / V (prism) = 1/3 ; Truncated pyramid (frustum) volume -- From Old Babylonian scribe to Late Babylonian scribe to Pythagoras to Plato. Late Babylonian (LB) mathematics ; Pythagoras (ca. 580-500 BCE) ; Plato (427-347 BCE) -- Euclid. Who was Euclid? ; Euclid I-1 ; Euclid I-22 ; Euclid I-37 ; Euclid I-47 : the Pythagorean Theorem ; Euclid II-22 ; Euclid II-14 : the Babylonian Theorem.</subfield>
  </datafield>
  <datafield tag="600" ind1="0" ind2="0">
    <subfield code="a">Pythagoras.</subfield>
  </datafield>
  <datafield tag="600" ind1="0" ind2="0">
    <subfield code="a">Euclid.</subfield>
  </datafield>
  <datafield tag="650" ind1=" " ind2="0">
    <subfield code="a">Mathematics, Babylonian.</subfield>
  </datafield>
  <datafield tag="650" ind1=" " ind2="0">
    <subfield code="a">Mathematics, Ancient.</subfield>
  </datafield>
  <datafield tag="650" ind1=" " ind2="0">
    <subfield code="a">Mathematics</subfield>
    <subfield code="z">Egypt</subfield>
    <subfield code="x">History.</subfield>
  </datafield>
  <datafield tag="700" ind1="1" ind2=" ">
    <subfield code="a">Rudman, Peter Strom.</subfield>
    <subfield code="t">How mathematics happened, the first 50,000 years.</subfield>
  </datafield>
  <datafield tag="906" ind1=" " ind2=" ">
    <subfield code="a">7</subfield>
    <subfield code="b">cbc</subfield>
    <subfield code="c">orignew</subfield>
    <subfield code="d">1</subfield>
    <subfield code="e">ecip</subfield>
    <subfield code="f">20</subfield>
    <subfield code="g">y-gencatlg</subfield>
  </datafield>
  <datafield tag="942" ind1=" " ind2=" ">
    <subfield code="2">ddc</subfield>
    <subfield code="c">BK</subfield>
    <subfield code="h">510.935</subfield>
    <subfield code="i">RUD/B</subfield>
    <subfield code="k">510.935</subfield>
    <subfield code="m">RUD/B</subfield>
  </datafield>
</record>
